000 00451nam a22001577a 4500
999 _c17050
_d17050
008 180727b xxu||||| |||| 00| 0 eng d
020 _a1412994453
050 _aHD62.6
_b .W67 2012 c.1
100 _aWorth, Michael J.
245 _aNon profit Management
_bPrinciples and Practice
_cMichael J. Worth
250 _a2nd ed.
260 _aLos Angeles
_bSage
_c2012
300 _axxii, 431p.
650 _aNonprofit Organizations
942 _2lcc
_cBK